| 000 | 00777cam a22002291a 4500 | ||
|---|---|---|---|
| 001 | sa 68019025 | ||
| 003 | DLC | ||
| 005 | 20260227112716.0 | ||
| 008 | 731024s1968 io 100 0 indd | ||
| 010 | _asa 68019025 | ||
| 035 | _a(OCoLC)726728 | ||
| 040 |
_aDLC _cOAU _dOAU _dDLC |
||
| 042 | _apremarc | ||
| 043 | _aa-io--- | ||
| 050 | 0 | 0 |
_aZ460.7 _b.I35 |
| 110 | 2 | _aIkatan Penerbit Indonesia. | |
| 245 | 1 | 0 | _aBuku Kongres ke-VI IKAPI O.P.S. Penerbitan Tretes tanggal 13-17 Mei 1968. |
| 260 |
_a[Djakarta] : _bPengurus Umum IKAPI O.P.S. Penerbitan, _c[1968] |
||
| 300 |
_a139, 63 leaves ; _c32 cm. |
||
| 650 | 0 |
_aPublishers and publishing _zIndonesia _vCongresses. |
|
| 740 | 0 | _aBuku Kongres keenam Ikatan Penerbit Indonesia O.P.S. Penerbitan Tretes tanggal 13-17 Mei 1968. | |
| 999 |
_c88778 _d88778 |
||